<?xml version="1.0" encoding="UTF-8"?>
<record
    xmlns:xsi="http://www.w3.org/2001/XMLSchema-instance"
    xsi:schemaLocation="http://www.loc.gov/MARC21/slim http://www.loc.gov/standards/marcxml/schema/MARC21slim.xsd"
    xmlns="http://www.loc.gov/MARC21/slim">

  <leader>00643nam a22002537a 4500</leader>
  <datafield tag="020" ind1=" " ind2=" ">
    <subfield code="a">978809406133333 (PBK)</subfield>
  </datafield>
  <datafield tag="082" ind1=" " ind2=" ">
    <subfield code="a">641  RAM/FO</subfield>
  </datafield>
  <datafield tag="100" ind1=" " ind2=" ">
    <subfield code="a">RAMANI, ALEX V.</subfield>
  </datafield>
  <datafield tag="245" ind1=" " ind2=" ">
    <subfield code="a">FOOD CHEMISTRY</subfield>
  </datafield>
  <datafield tag="260" ind1=" " ind2=" ">
    <subfield code="a">CHENNAI</subfield>
    <subfield code="b">MJP PUBLISHERS</subfield>
    <subfield code="c">2009</subfield>
  </datafield>
  <datafield tag="300" ind1=" " ind2=" ">
    <subfield code="a">300P.</subfield>
  </datafield>
  <datafield tag="650" ind1=" " ind2=" ">
    <subfield code="a">FOOD, NUTRITION AND HEALTH</subfield>
  </datafield>
  <datafield tag="650" ind1=" " ind2=" ">
    <subfield code="a">CARBOHYDRATES</subfield>
  </datafield>
  <datafield tag="650" ind1=" " ind2=" ">
    <subfield code="a">PROTEINS AND AMINO ACIDS</subfield>
  </datafield>
  <datafield tag="650" ind1=" " ind2=" ">
    <subfield code="a">LIPIDS</subfield>
  </datafield>
  <datafield tag="650" ind1=" " ind2=" ">
    <subfield code="a">VITAMINS</subfield>
  </datafield>
  <datafield tag="650" ind1=" " ind2=" ">
    <subfield code="a">MINERALS AND WATER</subfield>
  </datafield>
  <datafield tag="650" ind1=" " ind2=" ">
    <subfield code="a">FOOD PROCESSING</subfield>
  </datafield>
  <datafield tag="650" ind1=" " ind2=" ">
    <subfield code="a">FOOD ADDITIVES</subfield>
  </datafield>
  <datafield tag="650" ind1=" " ind2=" ">
    <subfield code="a">FOOD ADULTERATION AND TESTING</subfield>
  </datafield>
  <datafield tag="650" ind1=" " ind2=" ">
    <subfield code="a">FOOD PRODUCTS</subfield>
  </datafield>
  <datafield tag="650" ind1=" " ind2=" ">
    <subfield code="a">ENERGY METABOLISM</subfield>
  </datafield>
  <datafield tag="942" ind1=" " ind2=" ">
    <subfield code="c">BK</subfield>
  </datafield>
  <datafield tag="999" ind1=" " ind2=" ">
    <subfield code="c">297568</subfield>
    <subfield code="d">297568</subfield>
  </datafield>
  <datafield tag="952" ind1=" " ind2=" ">
    <subfield code="0">0</subfield>
    <subfield code="1">0</subfield>
    <subfield code="4">0</subfield>
    <subfield code="7">0</subfield>
    <subfield code="a">KAUCOAP</subfield>
    <subfield code="b">KAUCOAP</subfield>
    <subfield code="c">GEN</subfield>
    <subfield code="d">2013-08-14</subfield>
    <subfield code="g">190.00</subfield>
    <subfield code="l">5</subfield>
    <subfield code="m">3</subfield>
    <subfield code="o">641  RAM/FO</subfield>
    <subfield code="p">KAU_COAP-06161</subfield>
    <subfield code="r">2025-07-04 00:00:00</subfield>
    <subfield code="s">2025-05-09</subfield>
    <subfield code="w">2013-08-14</subfield>
    <subfield code="y">BK</subfield>
  </datafield>
</record>
